Normal view
MARC view
Entry Personal Name
001 - CONTROL NUMBER
- control field: 564017
003 - CONTROL NUMBER IDENTIFIER
- control field: OSt
005 - DATE AND TIME OF LATEST TRANSACTION
- control field: 20220930195255.0
008 - FIXED-LENGTH DATA ELEMENTS
- fixed length control field: 220930|| aca||aabn | a|a d
040 ## - CATALOGING SOURCE
- Original cataloging agency: OSt
- Transcribing agency: OSt
100 ## - HEADING--PERSONAL NAME
- Personal name: Ranjodh Singh
670 ## - SOURCE DATA FOUND
- Source citation: Work cat.: (OSt)898861: Ranjodh Singh, Sate Balwand di var' te 'bhattan de sawaiye' da alochnatmak adhyayan, 1991
